[Event "Superbet CRO Rapid 2024"]
[Site "Zagreb CRO"]
[Date "2024.07.10"]
[Round "2"]
[White "Alireza Firouzja"]
[Black "Dommaraju Gukesh"]
[Result "1/2-1/2"]
[EventDate "2024.07.10"]
[WhiteElo "2744"]
[BlackElo "2763"]
[PlyCount "118"]

1. e4 c5 2. Nf3 Nc6 3. d4 cxd4 4. Nxd4 Nf6 5. Nc3 e5 6. Ndb5 d6 7. Nd5 Nxd5 8. exd5 Nb8 9. c4 Be7 10. c5 O-O 11. Bd3 Bd7 12. Nxd6 Qa5+ 13. b4 Qxb4+ 14. Qd2 Qxc5 15. Nxb7 Qd4 16. Bb2 Qb6 17. Na5 Bb5 18. Bc3 Bxd3 19. Qxd3 Bb4 20. Qd2 Bxa5 21. Bxa5 Qb5 22. Rc1 Nd7 23. d6 e4 24. a4 Qa6 25. Qd5 Rab8 26. Bd2 Rfc8 27. Rxc8+ Rxc8 28. Qxe4 Qxd6 29. Be3 Qa6 30. Qd5 Nb6 31. Qb5 Qxa4 32. Qxa4 Nxa4 33. Kd2 Nb6 34. Kd3 Kf8 35. Ra1 Rd8+ 36. Ke4 Rd7 37. g4 f6 38. h4 Kf7 39. h5 Nc8 40. Bc5 Rc7 41. Be3 Rd7 42. Bc5 Rc7 43. Be3 Re7+ 44. Kf3 Ke6 45. Ra6+ Kf7 46. Rc6 Nb6 47. Bxb6 axb6 48. Rxb6 h6 49. Kf4 Rc7 50. Rb5 Rd7 51. Kf5 Rc7 52. f4 Ra7 53. Rc5 Rb7 54. Ra5 Rc7 55. Rb5 Ra7 56. Rd5 Rb7 57. Rc5 Ra7 58. Rd5 Rb7 59. Rc5 Ra7 1/2-1/2

[Event "Superbet CRO Rapid 2024"]
[Site "Zagreb CRO"]
[Date "2024.07.10"]
[Round "3"]
[White "Dommaraju Gukesh"]
[Black "Anish Giri"]
[Result "1/2-1/2"]
[EventDate "2024.07.10"]
[WhiteElo "2763"]
[BlackElo "2745"]
[PlyCount "232"]

1. e4 c5 2. Nf3 d6 3. Bc4 Nf6 4. d3 e6 5. O-O Be7 6. Re1 O-O 7. c3 a6 8. a4 Nc6 9. Nbd2 Rb8 10. Bb3 b5 11. axb5 axb5 12. d4 e5 13. Bd5 Rb6 14. dxc5 dxc5 15. Nf1 Qc7 16. Ne3 Bd7 17. Bb3 Bd6 18. Bc2 Ne7 19. c4 Ng6 20. b3 Re8 21. Bb2 Bf8 22. Ra2 Bc6 23. Nd5 Bxd5 24. exd5 e4 25. Bxf6 Rxf6 26. Rxe4 Rxe4 27. Bxe4 bxc4 28. Bxg6 cxb3 29. Bxf7+ Qxf7 30. Qxb3 Rf5 31. Rd2 h6 32. h3 Bd6 33. Qd3 Qa7 34. g3 Rf8 35. Kg2 Qf7 36. Nh2 Be5 37. Nf3 Bd6 38. Rc2 Qf5 39. Qd1 Qe4 40. Rc3 Rf5 41. Re3 Rxd5 42. Qb3 c4 43. Qa4 Qf5 44. Qxc4 Qf7 45. Re8+ Bf8 46. Rc8 Rf5 47. Qxf7+ Kxf7 48. Rc7+ Kg8 49. Nd4 Rf6 50. h4 h5 51. Nf3 g6 52. Ng5 Bh6 53. Nf3 Re6 54. Rd7 Re8 55. Ng1 Re6 56. f4 Bg7 57. Rd5 Kh7 58. Kf3 Ra6 59. Rd3 Bf6 60. Nh3 Kg7 61. Nf2 Be7 62. Rd7 Kf7 63. Nd3 Ke6 64. Rb7 Ra3 65. Ke4 Ra4+ 66. Ke3 Ra3 67. Rb5 Bf6 68. Ke4 Ra4+ 69. Kf3 Ra3 70. Ke3 Bg7 71. Rg5 Kf7 72. Ke4 Ra4+ 73. Ke3 Ra3 74. Rd5 Ke6 75. Rb5 Bf6 76. Ke2 Ra2+ 77. Kf3 Ra3 78. Ke3 Bg7 79. Ke4 Ra4+ 80. Rb4 Rxb4+ 81. Nxb4 Bc3 82. Nd3 Kf6 83. Nc1 Be1 84. Ne2 Ba5 85. Kf3 Be1 86. Nd4 Ba5 87. Nc2 Bc3 88. Ne3 Be1 89. Nc4 Bc3 90. Nb6 Be1 91. Nd5+ Ke6 92. Ne3 Kf6 93. Nc2 Bc3 94. Ke4 Ba5 95. Nd4 Be1 96. Kf3 Bc3 97. Nc2 Ba5 98. g4 hxg4+ 99. Kxg4 Bd8 100. Ne3 Kf7 101. Nc4 Kg7 102. Ne5 Bf6 103. Nf3 Be7 104. Nd2 Bb4 105. Nc4 Be7 106. Ne3 Kf7 107. Ng2 Bf6 108. Ne1 Be7 109. Nf3 Kg7 110. Ng5 Bb4 111. Nf3 Be7 112. Ne5 Bf6 113. h5 gxh5+ 114. Kxh5 Bxe5 115. fxe5 Kf7 116. e6+ Kxe6 1/2-1/2

[Event "Superbet Romania Chess Classic TB"]
[Site "Bucharest ROU"]
[Date "2024.07.05"]
[Round "2.1"]
[White "Dommaraju Gukesh"]
[Black "Rameshbabu Praggnanandhaa"]
[Result "1-0"]
[EventDate "2024.07.05"]
[WhiteElo "2763"]
[BlackElo "2747"]
[PlyCount "122"]

1. e4 e5 2. Nf3 Nc6 3. d3 Nf6 4. g3 Bc5 5. Bg2 d6 6. O-O O-O 7. Nc3 a5 8. h3 Re8 9. Kh2 a4 10. Bd2 Nd4 11. Nxd4 Bxd4 12. Rb1 c6 13. Ne2 Bb6 14. f4 exf4 15. Nxf4 d5 16. exd5 cxd5 17. Qf3 Be6 18. Rbe1 Rc8 19. c3 Qd7 20. Re2 Bc7 21. Rfe1 b5 22. Be3 Bf5 23. Bd4 Bxf4 24. gxf4 Rxe2 25. Rxe2 Re8 26. Re5 Rxe5 27. Bxe5 Ne8 28. Qe3 f6 29. Bb8 g6 30. Qd4 Be6 31. f5 Bxf5 32. Qxd5+ Qxd5 33. Bxd5+ Kf8 34. d4 Ke7 35. Bc6 Bd7 36. Bf3 Be6 37. d5 Bf7 38. b3 axb3 39. axb3 Nd6 40. Ba7 g5 41. Bc5 Kd7 42. Kg2 h5 43. Kf2 Bg6 44. Ke3 h4 45. Bxd6 Kxd6 46. Kd4 Bf5 47. Bg2 Bc2 48. c4 Bxb3 49. cxb5 Ba4 50. Kc4 f5 51. b6 g4 52. b7 Kc7 53. d6+ Kb8 54. Kd4 Be8 55. Ke5 Bd7 56. Bh1 Ka7 57. Kf6 f4 58. Ke7 Bf5 59. d7 Bxd7 60. Kxd7 f3 61. Kc7 1-0

[Event "Superbet Romania Chess Classic TB"]
[Site "Bucharest ROU"]
[Date "2024.07.05"]
[Round "1.1"]
[White "Fabiano Caruana"]
[Black "Dommaraju Gukesh"]
[Result "1-0"]
[EventDate "2024.07.05"]
[WhiteElo "2805"]
[BlackElo "2763"]
[PlyCount "194"]

1. c4 e5 2. d3 Nf6 3. Nf3 Nc6 4. a3 a5 5. e3 d5 6. cxd5 Nxd5 7. b3 Bd6 8. Bb2 O-O 9. Nbd2 Qe7 10. Be2 Nb6 11. O-O Be6 12. Qc2 Rfd8 13. Rfe1 f6 14. Ne4 Qf7 15. Nfd2 Bf8 16. Rab1 Rd7 17. Nc5 Bxc5 18. Qxc5 Rad8 19. Qc2 Bf5 20. Ne4 Bxe4 21. dxe4 Rd2 22. Qc1 R2d6 23. Bc3 Kh8 24. h3 Qe7 25. Qc2 Qe6 26. Rec1 Ra8 27. Be1 Rdd8 28. Qc5 Nd7 29. Qc2 Nb6 30. Qb2 h6 31. Rc2 Nc8 32. Bc4 Qd7 33. Rbc1 N6e7 34. Be2 c6 35. b4 axb4 36. Bxb4 Qc7 37. Rd2 Rxd2 38. Qxd2 b6 39. Qa2 c5 40. Be1 Nd6 41. Rd1 Rd8 42. f3 Nb7 43. Rb1 Nc8 44. a4 Rd6 45. Ba6 Nd8 46. Qb3 Kh7 47. Bc4 Nc6 48. Bd5 N6e7 49. Be6 Qd8 50. Bc4 Nc6 51. Qc2 N8e7 52. Kh2 Nc8 53. Qb3 N6e7 54. a5 bxa5 55. Qa3 Nb6 56. Be2 Nd7 57. Bxa5 Qc8 58. Be1 Nc6 59. Bc4 Nb4 60. Bxb4 Rb6 61. Rb3 cxb4 62. Rxb4 Rxb4 63. Qxb4 Qc5 64. Qb3 Qd6 65. Be6 Nf8 66. Bf5+ Kh8 67. Qf7 Nh7 68. Be6 Qf8 69. Qd7 Ng5 70. Bd5 g6 71. h4 Nh7 72. Bf7 Qg7 73. Qe8+ Nf8 74. Bxg6 Kg8 75. Bf5 Qc7 76. Be6+ Kg7 77. Bd5 Qa7 78. Qd8 h5 79. Qe8 Ng6 80. Qe6 Qxe3 81. Qf7+ Kh6 82. Qxf6 Qf4+ 83. Qxf4+ Nxf4 84. g3 Nd3 85. Kg2 Kg6 86. Kf1 Nb4 87. Ke2 Nc2 88. f4 Kf6 89. Bc4 Nd4+ 90. Ke3 Nc2+ 91. Kf2 Nd4 92. Be2 Kg6 93. fxe5 Nc6 94. e6 Ne7 95. Ke3 Nc6 96. Bb5 Ne7 97. Be8+ 1-0

[Event "Superbet Romania Chess Classic TB"]
[Site "Bucharest ROU"]
[Date "2024.07.05"]
[Round "3.2"]
[White "Alireza Firouzja"]
[Black "Dommaraju Gukesh"]
[Result "1-0"]
[EventDate "2024.07.05"]
[WhiteElo "2737"]
[BlackElo "2763"]
[PlyCount "70"]

1. e4 c5 2. Nf3 Nc6 3. d4 cxd4 4. Nxd4 e5 5. Nb5 d6 6. N1c3 a6 7. Na3 Be6 8. Nc4 Nf6 9. Bg5 b5 10. Bxf6 gxf6 11. Ne3 Ne7 12. a4 Bh6 13. axb5 Bxe3 14. fxe3 O-O 15. bxa6 Qb6 16. Qd2 Qxb2 17. Rb1 Qa3 18. Bd3 Rfc8 19. Ne2 f5 20. Ng3 fxe4 21. Nxe4 f5 22. Ng5 e4 23. Nxe6 Qa2 24. c4 Qxd2+ 25. Kxd2 exd3 26. Rb7 Kf7 27. Nc7 Rxc7 28. Rxc7 Rxa6 29. Kxd3 Ra2 30. Rb1 Kf6 31. Rb6 Ke6 32. c5 Nd5 33. Rxd6+ Ke5 34. Rcd7 Ra3+ 35. Ke2 1-0

[Event "Superbet ROM Classic 2024"]
[Site "Bucharest ROU"]
[Date "2024.06.26"]
[Round "1.4"]
[White "Dommaraju Gukesh"]
[Black "Bogdan-Daniel Deac"]
[Result "1-0"]
[EventDate "2024.06.26"]
[WhiteElo "2763"]
[BlackElo "2680"]
[PlyCount "100"]

1. d4 Nf6 2. c4 e6 3. Nc3 Bb4 4. e3 O-O 5. Bd2 c5 6. d5 d6 7. Bd3 exd5 8. cxd5 Nbd7 9. Nge2 Ne5 10. Bc2 Rb8 11. O-O b5 12. a3 Ba5 13. h3 Re8 14. Ng3 Nc4 15. Bc1 Bxc3 16. bxc3 Qa5 17. Rb1 Qxc3 18. Rb3 Qe5 19. e4 h5 20. Bd3 Bd7 21. f4 Qd4+ 22. Kh1 Nxe4 23. Bxe4 Rxe4 24. Nxe4 Qxe4 25. Re1 Qh7 26. Re7 Rd8 27. a4 Kf8 28. Qe2 Nb6 29. axb5 Nxd5 30. Re4 Qf5 31. Ra4 Re8 32. Qd1 Nb4 33. Rxa7 Bxb5 34. Qxd6+ Kg8 35. Kh2 Bd3 36. Rc3 Rc8 37. Be3 Nd5 38. Rxc5 Rxc5 39. Qxc5 Be4 40. Ra4 Kh7 41. Ra2 Qg6 42. Bc1 Nf6 43. Qf2 Nd5 44. Qg3 Qxg3+ 45. Kxg3 Ne7 46. Kh4 Bd5 47. Rd2 g6 48. Kg5 Be6 49. Bb2 Ng8 50. Rd8 1-0

[Event "Superbet Poland Rapid 2024"]
[Site "Warsaw POL"]
[Date "2024.05.09"]
[Round "4"]
[White "Dommaraju Gukesh"]
[Black "Rameshbabu Praggnanandhaa"]
[Result "1-0"]
[EventDate "2024.05.08"]
[WhiteElo "2764"]
[BlackElo "2747"]
[PlyCount "82"]

1. Nf3 Nf6 2. b3 g6 3. Bb2 Bg7 4. g3 b6 5. Bg2 Bb7 6. O-O O-O 7. e3 c5 8. d4 cxd4 9. exd4 d5 10. Nbd2 Nc6 11. Re1 e6 12. a4 Re8 13. Ne5 Rc8 14. Ndf3 a5 15. Nxc6 Rxc6 16. Bf1 Rc8 17. Bc1 Ne4 18. Bf4 g5 19. Be3 f5 20. Ne5 Rf8 21. f3 f4 22. Bc1 Qc7 23. Ba3 fxg3 24. fxe4 gxh2+ 25. Kh1 Rf2 26. Qg4 Bxe5 27. Qxe6+ Kh8 28. Qxe5+ Qxe5 29. dxe5 dxe4 30. Re3 Rc3 31. Rxc3 e3+ 32. Bg2 Bxg2+ 33. Kxh2 e2 34. Re1 Bd5+ 35. Kg3 Rg2+ 36. Kh3 h5 37. Rd3 Bc6 38. Rc3 Bd5 39. Re3 Rg4 40. R1xe2 Rg1 41. Re1 Be6+ 1-0

[Event "Superbet Poland Rapid 2024"]
[Site "Warsaw POL"]
[Date "2024.05.09"]
[Round "5"]
[White "Vincent Keymer"]
[Black "Dommaraju Gukesh"]
[Result "0-1"]
[EventDate "2024.05.08"]
[WhiteElo "2726"]
[BlackElo "2764"]
[PlyCount "80"]

1. d4 Nf6 2. c4 e6 3. Nf3 h6 4. Bf4 b6 5. Nc3 Bb4 6. e3 Bb7 7. Bd3 Bxc3+ 8. bxc3 d6 9. Qc2 g5 10. Bg3 Nbd7 11. e4 Nh5 12. Qe2 Qf6 13. Rb1 Rg8 14. c5 Nxg3 15. hxg3 dxc5 16. e5 Qe7 17. Be4 O-O-O 18. Bxb7+ Kxb7 19. Qe4+ Kb8 20. Rxh6 g4 21. Nd2 cxd4 22. cxd4 Qa3 23. Rh7 Qxa2 24. Rxf7 Rh8 25. Ke2 Qa6+ 26. Ke3 c5 27. Qc6 cxd4+ 28. Kf4 Rhf8 29. Qd6+ Ka8 30. Rxf8 Rxf8+ 31. Kxg4 Qe2+ 32. Nf3 Qe4+ 33. Kh3 Qxb1 34. Qxd7 Rh8+ 35. Nh4 Qf5+ 36. Kh2 Qxe5 37. f4 Qd5 38. Qg7 Rc8 39. Nf3 d3 40. Qb2 Qxf3 0-1

[Event "Superbet Poland Rapid 2024"]
[Site "Warsaw POL"]
[Date "2024.05.09"]
[Round "6"]
[White "Dommaraju Gukesh"]
[Black "Magnus Carlsen"]
[Result "1/2-1/2"]
[EventDate "2024.05.08"]
[WhiteElo "2764"]
[BlackElo "2830"]
[PlyCount "78"]

1. e4 e5 2. Nf3 Nc6 3. Bc4 Nf6 4. Ng5 d5 5. exd5 b5 6. Bf1 Nxd5 7. Bxb5 Bb7 8. d4 exd4 9. O-O Be7 10. Nf3 O-O 11. Bxc6 Bxc6 12. Nxd4 Bb7 13. Nd2 Re8 14. c3 c5 15. Nf5 Bf8 16. Nf3 Qf6 17. Ng3 h6 18. Qc2 Rad8 19. Rd1 Nb6 20. Rxd8 Rxd8 21. Ne1 Re8 22. Be3 Nc4 23. Nf1 Nxe3 24. Nxe3 c4 25. Qa4 Rxe3 26. fxe3 Bc5 27. Nf3 Bxe3+ 28. Kf1 Bc6 29. Qd1 Be4 30. Qd7 Kh7 31. Ke2 Bb6 32. Re1 Qg6 33. Kd1 Qxg2 34. Rxe4 Qxf3+ 35. Re2 Be3 36. b3 Qf1+ 37. Re1 Qf3+ 38. Re2 Qf1+ 39. Re1 Qf3+ 1/2-1/2

[Event "Superbet Poland Rapid 2024"]
[Site "Warsaw POL"]
[Date "2024.05.08"]
[Round "1"]
[White "Dommaraju Gukesh"]
[Black "Kirill Shevchenko"]
[Result "0-1"]
[EventDate "2024.05.08"]
[WhiteElo "2764"]
[BlackElo "2677"]
[PlyCount "72"]

1. d4 Nf6 2. c4 c6 3. Nf3 d5 4. Nc3 dxc4 5. a4 Bf5 6. Nh4 Bc8 7. e3 e5 8. Bxc4 exd4 9. exd4 Bd6 10. O-O O-O 11. Nf3 Bg4 12. h3 Bxf3 13. Qxf3 Qa5 14. g4 Nbd7 15. g5 Ne8 16. Bd2 Bb4 17. Rfe1 Nd6 18. Bd3 Rfe8 19. Bf4 Nf8 20. h4 Nf5 21. Bxf5 Qxf5 22. Kg2 Qd7 23. Rxe8 Rxe8 24. d5 Bxc3 25. dxc6 bxc6 26. bxc3 Rd8 27. a5 Ng6 28. Bg3 Ne7 29. a6 Qc8 30. Ra4 Nf5 31. Bh2 g6 32. h5 Qe6 33. Re4 Qa2 34. Qd3 Rxd3 35. Re8+ Kg7 36. h6+ Nxh6 0-1

[Event "Superbet Poland Rapid 2024"]
[Site "Warsaw POL"]
[Date "2024.05.08"]
[Round "2"]
[White "Nodirbek Abdusattorov"]
[Black "Dommaraju Gukesh"]
[Result "1-0"]
[EventDate "2024.05.08"]
[WhiteElo "2766"]
[BlackElo "2764"]
[PlyCount "124"]

1. e4 e5 2. Bc4 Nf6 3. Nc3 Bc5 4. d3 c6 5. Nf3 d6 6. O-O O-O 7. Bb3 a5 8. Be3 Bxe3 9. fxe3 Nbd7 10. a3 Nc5 11. Ba2 b5 12. Qe1 Be6 13. Bxe6 Nxe6 14. Ne2 g6 15. h3 Nh5 16. a4 b4 17. b3 Ra7 18. Ng3 Nhg7 19. Rd1 c5 20. Nd2 f5 21. Nc4 f4 22. Ne2 Raf7 23. exf4 exf4 24. Nd2 Ng5 25. Nf3 N7e6 26. Kh2 d5 27. Neg1 Nxf3+ 28. Nxf3 d4 29. Rd2 g5 30. g4 fxg3+ 31. Qxg3 Rf4 32. Rdf2 Qf6 33. Kg1 h5 34. Ne1 Kh7 35. Rxf4 gxf4 36. Qf3 Kh6 37. Kh2 Ng5 38. Qf2 Qe6 39. Qg2 Rg8 40. Rg1 Rg6 41. h4 Nf7 42. Qxg6+ Qxg6 43. Rxg6+ Kxg6 44. Ng2 Ne5 45. Nxf4+ Kf7 46. Kg3 Ng4 47. Nd5 Ke6 48. Kf4 Kf7 49. Nb6 Ne3 50. Nd7 c4 51. Ne5+ Ke6 52. Nxc4 Nxc2 53. Nxa5 Ne1 54. Nc6 Nxd3+ 55. Kg5 Nc5 56. Nxd4+ Ke5 57. Nc6+ Kxe4 58. a5 Nxb3 59. a6 Nc5 60. a7 Ne6+ 61. Kxh5 Nc7 62. Nxb4 1-0

[Event "Superbet Poland Rapid 2024"]
[Site "Warsaw POL"]
[Date "2024.05.08"]
[Round "3"]
[White "Dommaraju Gukesh"]
[Black "Anish Giri"]
[Result "1/2-1/2"]
[EventDate "2024.05.08"]
[WhiteElo "2764"]
[BlackElo "2745"]
[PlyCount "126"]

1. e4 e5 2. Nf3 Nc6 3. Bb5 a6 4. Ba4 Nf6 5. O-O Be7 6. d3 b5 7. Bb3 d6 8. c3 O-O 9. Nbd2 Na5 10. Bc2 c5 11. Re1 Nc6 12. h3 h6 13. a4 Bd7 14. Nf1 Re8 15. Ne3 b4 16. Nd5 Rb8 17. Nxe7+ Qxe7 18. d4 c4 19. cxb4 Nxb4 20. Bb1 Nc6 21. d5 Na5 22. Ra3 Nb3 23. Nd2 Rb4 24. Nxb3 cxb3 25. Bd3 Reb8 26. a5 Bb5 27. Rxb3 Bxd3 28. Rxb4 Rxb4 29. Qxd3 Qb7 30. f3 Nd7 31. Be3 Rxb2 32. Rc1 Ra2 33. Qc3 Kh7 34. Ra1 Rxa1+ 35. Qxa1 f5 36. Bb6 fxe4 37. fxe4 Nf6 38. Qc3 Qb8 39. Qc4 Qb7 40. Qc6 Qb8 41. Qc4 Qb7 42. Kh2 h5 43. Qc6 Qb8 44. Qc4 Qb7 45. Qc6 Qb8 46. Bc7 Qb4 47. Qxd6 Qxe4 48. Qxe5 Qxd5 49. Qxd5 Nxd5 50. Be5 g5 51. g4 hxg4 52. hxg4 Kg6 53. Kg3 Kf7 54. Kf3 Ke6 55. Ke4 Ne3 56. Bc7 Nxg4 57. Kd4 Nf6 58. Kc5 g4 59. Bh2 Nd5 60. Bg3 Ne3 61. Kb6 Kd5 62. Kxa6 Nc4 63. Kb5 Nxa5 1/2-1/2

[Event "Bundesliga West 2023/24"]
[Site "Dusseldorf GER"]
[Date "2024.02.04"]
[Round "6.1"]
[White "Dommaraju Gukesh"]
[Black "Tristan Niermann"]
[Result "1-0"]
[EventDate "?"]
[WhiteElo "2758"]
[BlackElo "2387"]
[PlyCount "56"]

1. d4 Nf6 2. Nf3 g6 3. Bg5 Bg7 4. Nbd2 O-O 5. c3 d6 6. e3 Nbd7 7. Bd3 e5 8. O-O h6 9. Bh4 Qe8 10. e4 Nh5 11. Re1 g5 12. Bg3 Nxg3 13. hxg3 Nf6 14. dxe5 dxe5 15. Nf1 Ng4 16. Be2 Qe7 17. N3d2 Nxf2 18. Kxf2 Qc5+ 19. Ne3 f5 20. Bc4+ Kh8 21. exf5 Bxf5 22. Kg1 b5 23. Bb3 Rad8 24. Bc2 e4 25. Qe2 Be5 26. Rf1 Bxg3 27. Rxf5 Rxf5 28. Nxe4 1-0

[Event "Bundesliga West 2023/24"]
[Site "Dusseldorf GER"]
[Date "2024.02.03"]
[Round "5.1"]
[White "Collin Colbow"]
[Black "Dommaraju Gukesh"]
[Result "0-1"]
[EventDate "?"]
[WhiteElo "2376"]
[BlackElo "2743"]
[PlyCount "74"]

1. e4 c5 2. Nf3 Nc6 3. d4 cxd4 4. Nxd4 e6 5. Nc3 Qc7 6. Be2 Nf6 7. O-O Be7 8. Be3 O-O 9. f4 d6 10. Kh1 a6 11. Qe1 Nxd4 12. Bxd4 b5 13. a3 Bb7 14. Qg3 Rad8 15. Bd3 Bc6 16. Rae1 Rd7 17. e5 dxe5 18. Bxe5 Qd8 19. f5 Bd6 20. fxe6 fxe6 21. Qh3 Bxe5 22. Qxe6+ Rdf7 23. Rxe5 Bd7 24. Qd6 Ne8 25. Qd5 Bc6 26. Qa2 Qh4 27. Ne2 Nf6 28. Ng3 g6 29. Be2 Kh8 30. Qa1 Ng4 31. Bxg4 Rxf1+ 32. Nxf1 Qf2 33. Bf3 Rxf3 34. Re1 Rc3 35. Re8+ Kg7 36. Re7+ Kf8 37. bxc3 Bxg2# 0-1

[Event "Bundesliga West 2023/24"]
[Site "Germany"]
[Date "2024.02.02"]
[Round "2.1"]
[White "Dommaraju Gukesh"]
[Black "Christian Seel"]
[Result "1-0"]
[EventDate "?"]
[WhiteElo "2758"]
[BlackElo "2477"]
[Source "ChessBase"]
[PlyCount "70"]

1. d4 Nf6 2. Nf3 d5 3. c4 e6 4. Nc3 c5 5. e3 Nc6 6. a3 a6 7. dxc5 Bxc5 8. b4 Ba7 9. Bb2 O-O 10. Qc2 Qe7 11. O-O-O dxc4 12. g4 Nxg4 13. Rg1 f5 14. Bxc4 b5 15. Bb3 Bb7 16. Nd5 exd5 17. Rxd5 Kh8 18. Rxg4 Nd4 19. Bxd4 Bxd4 20. Rgxd4 Bxd5 21. Rxd5 Rac8 22. Rc5 Rxc5 23. bxc5 Rc8 24. c6 f4 25. e4 a5 26. Kd2 a4 27. Bd5 b4 28. axb4 Qxb4+ 29. Qc3 Qb6 30. Ke2 h6 31. Ne5 Qa6+ 32. Qd3 Qb6 33. Ng6+ Kh7 34. e5 f3+ 35. Kxf3 1-0

[Event "Chennai Grand Masters 2023"]
[Site "Chennai IND"]
[Date "2023.12.21"]
[Round "7.1"]
[White "Pentala Harikrishna"]
[Black "Dommaraju Gukesh"]
[Result "1/2-1/2"]
[EventDate "2023.12.15"]
[WhiteElo "2696"]
[BlackElo "2720"]
[PlyCount "62"]

1. d4 d5 2. c4 dxc4 3. Nf3 Nf6 4. e3 e6 5. Bxc4 a6 6. O-O c5 7. dxc5 Bxc5 8. Qxd8+ Kxd8 9. Be2 Ke7 10. Nbd2 Bd7 11. Rd1 Rc8 12. b3 Bb5 13. Nc4 Nbd7 14. Bb2 Nb6 15. Nfe5 Nxc4 16. Nxc4 Bxc4 17. Bxc4 g6 18. Be2 Nd7 19. Rac1 Bd6 20. f4 Rxc1 21. Rxc1 a5 22. Bb5 Nb6 23. g3 Rc8 24. e4 f6 25. Kf2 Rxc1 26. Bxc1 Bc5+ 27. Kf3 Nc8 28. e5 f5 29. Be3 b6 30. Bxc5+ bxc5 31. Ke3 Nb6 1/2-1/2

[Event "Chennai Grand Masters 2023"]
[Site "Chennai IND"]
[Date "2023.12.20"]
[Round "6.1"]
[White "Dommaraju Gukesh"]
[Black "Pavel Eljanov"]
[Result "1/2-1/2"]
[EventDate "2023.12.15"]
[WhiteElo "2720"]
[BlackElo "2691"]
[PlyCount "60"]

1. d4 Nf6 2. c4 e6 3. Nf3 d5 4. Nc3 c5 5. cxd5 cxd4 6. Qxd4 exd5 7. Bg5 Be7 8. e3 O-O 9. Be2 Nc6 10. Qd3 h6 11. Bh4 Be6 12. O-O Qb6 13. Nb5 Rac8 14. Nbd4 Bg4 15. h3 Bxf3 16. Bxf3 Nxd4 17. exd4 Rfe8 18. Rfe1 Ne4 19. Bxe7 Rxe7 20. Bxe4 dxe4 21. Rxe4 Rxe4 22. Qxe4 Qxb2 23. Re1 Rd8 24. Qe7 Qxd4 25. Qxb7 Qb6 26. Qxb6 axb6 27. Kf1 Rd2 28. Re2 Rd1+ 29. Re1 Rd2 30. Re2 Rd1+ 1/2-1/2

[Event "Chennai Grand Masters 2023"]
[Site "Chennai IND"]
[Date "2023.12.19"]
[Round "5.1"]
[White "Sanan Sjugirov"]
[Black "Dommaraju Gukesh"]
[Result "0-1"]
[EventDate "2023.12.15"]
[WhiteElo "2703"]
[BlackElo "2720"]
[PlyCount "80"]

1. e4 e5 2. Nf3 Nc6 3. Bc4 Bc5 4. d3 Nf6 5. Nbd2 O-O 6. O-O d6 7. c3 a6 8. a4 Ba7 9. h3 h6 10. Re1 Re8 11. Nf1 Be6 12. Bxe6 Rxe6 13. b4 d5 14. Qc2 Ne7 15. exd5 Nfxd5 16. Nxe5 Ng6 17. d4 Nxe5 18. dxe5 Qe7 19. Qe4 c6 20. Bd2 Re8 21. Qg4 f6 22. c4 f5 23. Qf3 Nxb4 24. Qb3 a5 25. Ng3 Qh4 26. c5 Bxc5 27. Be3 Bxe3 28. Rxe3 f4 29. Re4 Nd5 30. Qxb7 Qg5 31. Nf1 Rg6 32. g3 Qf5 33. Rae1 Qxh3 34. Qb3 fxg3 35. Nxg3 Rf8 36. R1e3 Rf5 37. Qd1 Nxe3 38. Rxe3 Rf8 39. Qd3 Qe6 40. Kf1 Rg4 0-1

[Event "Chennai Grand Masters 2023"]
[Site "Chennai IND"]
[Date "2023.12.18"]
[Round "4.1"]
[White "Dommaraju Gukesh"]
[Black "Alexandr Predke"]
[Result "1-0"]
[EventDate "2023.12.15"]
[WhiteElo "2720"]
[BlackElo "2689"]
[PlyCount "88"]

1. e4 c5 2. Nf3 Nc6 3. Bb5 e5 4. O-O Be7 5. Re1 Nd4 6. Nxd4 cxd4 7. c3 Nf6 8. cxd4 exd4 9. d3 O-O 10. Nd2 d5 11. e5 Nd7 12. Nf3 Qb6 13. Ba4 Nc5 14. Bc2 Bg4 15. h3 Bh5 16. g4 Bg6 17. Nxd4 Ne6 18. Nf3 Rac8 19. Bb3 Qb5 20. d4 Bb4 21. Re3 Nf4 22. Bd2 Nxh3+ 23. Kg2 Nf4+ 24. Kg3 Ne6 25. a4 Qa5 26. Bxb4 Qxb4 27. Bxd5 Rc2 28. b3 Rd8 29. Bc4 Nxd4 30. Nxd4 Rd2 31. Qe1 R8xd4 32. e6 Qd6+ 33. Kh3 h5 34. e7 Rxg4 35. e8=Q+ Kh7 36. Bxf7 Qf6 37. Bxg6+ Kh6 38. Qh8+ Kxg6 39. Re6 Rh4+ 40. Kg2 Rg4+ 41. Kf1 Rxf2+ 42. Qxf2 Qxe6 43. Re1 Qa6+ 44. Re2 1-0

[Event "Chennai Grand Masters 2023"]
[Site "Chennai IND"]
[Date "2023.12.17"]
[Round "3.1"]
[White "Parham Maghsoodloo"]
[Black "Dommaraju Gukesh"]
[Result "1/2-1/2"]
[EventDate "2023.12.15"]
[WhiteElo "2742"]
[BlackElo "2720"]
[PlyCount "60"]

1. d4 Nf6 2. c4 e6 3. Nc3 Bb4 4. e3 O-O 5. Bd3 d5 6. Nf3 dxc4 7. Bxc4 c5 8. O-O cxd4 9. exd4 b6 10. Qe2 Bb7 11. Rd1 Nbd7 12. d5 exd5 13. Nxd5 Re8 14. Be3 Nxd5 15. Bxd5 Bxd5 16. Rxd5 Qc7 17. Qb5 Nf6 18. Rc1 Qb7 19. Rdd1 Bf8 20. a4 Rac8 21. Rxc8 Qxc8 22. h3 Rd8 23. Rxd8 Qxd8 24. Bd4 Nd5 25. Qc4 Nc7 26. g3 Ne6 27. Bc3 Nc5 28. Bd4 Qd7 29. Bxc5 Bxc5 30. b4 Bf8 1/2-1/2

[Event "Chennai Grand Masters 2023"]
[Site "Chennai IND"]
[Date "2023.12.15"]
[Round "1.1"]
[White "Levon Aronian"]
[Black "Dommaraju Gukesh"]
[Result "1/2-1/2"]
[EventDate "2023.12.15"]
[WhiteElo "2723"]
[BlackElo "2720"]
[PlyCount "60"]

1. d4 d5 2. c4 dxc4 3. e3 Nf6 4. Bxc4 e6 5. Nf3 a6 6. O-O Be7 7. Bd3 Nbd7 8. e4 b5 9. Qe2 Bb7 10. Rd1 c5 11. dxc5 Bxc5 12. h3 O-O 13. Nc3 Qc7 14. Be3 Rac8 15. Rac1 Bxe3 16. Qxe3 Qb6 17. Qxb6 Nxb6 18. a3 Rfd8 19. Ne5 Ne8 20. Ng4 Kf8 21. f3 Ke7 22. Kf2 Rd7 23. Ne3 Rdc7 24. Rc2 Nf6 25. Rdc1 Kf8 26. Nb1 Rxc2+ 27. Rxc2 Rxc2+ 28. Bxc2 e5 29. Nd2 Bc8 30. b4 Be6 1/2-1/2

[Event "Qatar Masters Open 2023"]
[Site "Doha QAT"]
[Date "2023.10.18"]
[Round "7.5"]
[White "David Paravyan"]
[Black "Dommaraju Gukesh"]
[Result "1-0"]
[EventDate "2022.10.11"]
[WhiteElo "2599"]
[BlackElo "2758"]
[PlyCount "104"]

1. e4 c6 2. d4 d5 3. Nd2 dxe4 4. Nxe4 Nf6 5. Nxf6+ exf6 6. c3 Bd6 7. Bd3 O-O 8. Ne2 Re8 9. Qc2 h5 10. O-O h4 11. Bf4 Na6 12. Qd2 h3 13. Rfe1 Bf8 14. Ng3 Be6 15. gxh3 Qd7 16. Re3 Bxh3 17. Ne4 Bf5 18. Rae1 Bg6 19. Rg3 Qd5 20. Rxg6 fxg6 21. Re3 Re7 22. Qe2 b5 23. a4 Nc7 24. axb5 cxb5 25. Bxc7 Rxc7 26. Bxb5 Rb8 27. Bd3 Rbc8 28. Ba6 Rd8 29. Nd2 Qf7 30. Bc4 Rd5 31. Bb3 Rb7 32. Bxd5 Qxd5 33. Qc4 Qxc4 34. Nxc4 Kf7 35. Re1 g5 36. h3 Rc7 37. Ne3 g6 38. Ra1 Rb7 39. b4 Rc7 40. Nd5 Rd7 41. Ra5 f5 42. Kf1 Ke6 43. Ne3 Rc7 44. Ra6+ Kf7 45. Nd1 Bh6 46. Ke2 g4 47. hxg4 fxg4 48. Kd3 Re7 49. c4 Bf4 50. c5 g3 51. fxg3 Bxg3 52. Ne3 1-0

[Event "Qatar Masters Open 2023"]
[Site "Doha QAT"]
[Date "2023.10.12"]
[Round "2.28"]
[White "Dommaraju Gukesh"]
[Black "Ramesh Avinash"]
[Result "1-0"]
[EventDate "2023.10.11"]
[WhiteElo "2758"]
[BlackElo "2286"]
[PlyCount "84"]

1. c4 c5 2. Nc3 Nc6 3. g3 g6 4. Bg2 Bg7 5. Nf3 d6 6. O-O e5 7. d3 Nge7 8. Ne1 Be6 9. Nd5 Bxd5 10. cxd5 Nb8 11. b4 cxb4 12. Qa4+ Qd7 13. Qxb4 Na6 14. Qd2 O-O 15. Rb1 Nc5 16. Ba3 Rfc8 17. Nc2 Na4 18. Ne3 Nc3 19. Rbc1 Nb5 20. Bb2 Rxc1 21. Rxc1 Nc8 22. Nc4 Nb6 23. Qa5 Nxc4 24. Rxc4 Bf6 25. e3 Bd8 26. Qb4 a6 27. a4 Na7 28. d4 exd4 29. Bxd4 a5 30. Qb3 b5 31. axb5 Qxb5 32. Qc2 Qd7 33. Rc6 Nb5 34. Ba1 Nc7 35. Qb2 f6 36. Qb7 Qc8 37. Qxc8 Rxc8 38. Bf1 Rb8 39. Rxd6 Kf7 40. Bd4 Be7 41. Rd7 Ne8 42. Bc5 1-0